Responses for show #7731 - Monday, April 2, 2018

Contestants

Daniel Carden, a newspaper reporter from Indianapolis, Indiana

Elizabeth Johnson, a communications & marketing manager from Lansing, Michigan

Emily Milan, a nanny from Birmingham, Michigan (whose 3-day cash winnings total $45,001)

Jeopardy! Round responses

ON A NORDIC TRACK
WORDS & THEIR MEANINGS
THREE FOR THE MONEY
PLANETARY FACTS
RICH EXPERIENCES
REESE WITHERSPOON MOVIES
    $200 26
a fjord

Elizabeth
    $200 6
pizazz

Elizabeth
    $200 16
a tricycle

Emily
    $200 11
Saturn

Emily
    $200 21
a sitcom

Emily
    $200 1
(Daniel: [Sighs] What...)

Walk the Line

EmilyDaniel
    $400 27
Lutheranism

Triple Stumper
    $400 7
crisp

Elizabeth
    $400 17
a three-point landing

Triple Stumper
    $400 12
Mars

Daniel
    $400 22
MI6

Emily
    $400 2
Legally Blonde

Emily
    $600 28
Bjork

Elizabeth
    $600 8
(Emily: What is dwarve?)

dwindle

EmilyElizabeth
    $600 18
a sloth

Emily
    $600 13
Jupiter

Emily
    $600 23
a haircut

Elizabeth
    $600 3
Election

Emily
    $800 29
Denmark

Daniel
    $800 9
the Talmud

Emily
    $800 19
three-card Monte

Daniel
    $800 14
(Elizabeth: What is Neptune?)
(Emily: What is Uranus?)

Mercury

EmilyElizabethDaniel
    $800 24
a macaron

Emily
    $800 4
Wild

Emily
    $1,200 30
Stockholm syndrome

Daniel
    $1000 10
ennui

Elizabeth
    $1000 20
The Threepenny Opera

Elizabeth
    $1000 15
Neptune

Daniel
    $1000 25
(Alex: With less than a minute now.)

Virgin

Daniel
    $1000 5
[Applause for Emily running the category]

Sweet Home Alabama

Emily

Scores at the first commercial break (after clue 15):

Emily Elizabeth Daniel
$3,200 $1,400 $2,000

Scores at the end of the Jeopardy! Round:

Emily Elizabeth Daniel
$5,400 $3,800 $5,800

Double Jeopardy! Round responses

MacARTHUR GENIUS WRITERS
NEVER FORGET AN ELEPHANT
CELEBRITY INVENTIONS
OUR HISTORICAL NEWS CORRESPONDENT
BALLET RUSES
SO "SOO" ME
    $400 21
Homicide

Daniel
    $400 14
(Marlon) Brando

Emily
    $400 9
the transcontinental railroad

Elizabeth
    $400 6
Sleeping Beauty

Emily
    $400 1
as soon as possible

Elizabeth
    $800 22
Cormac McCarthy

Elizabeth
    $800 17
Paula Abdul

Emily
    $5,400 10
Sadat

Elizabeth
    $800 7
pirates

Emily
    $800 2
sooey

Elizabeth
    $1200 23
James Randi

Triple Stumper
    $1200 26
poacher

Triple Stumper
    $1200 18
Michael Jackson

Emily
    $1200 11
Andrew Johnson

Daniel
    $1200 8
Giselle

Daniel
    $1200 3
the bassoon

Daniel
    $1600 24
(Alex: Less than a minute now.)

Colson Whitehead

Triple Stumper
    $1600 27
(P.T.) Barnum

Emily
    $1600 19
(Daniel: What are ballet shoes?)

toe shoes

EmilyDaniel
    $1600 12
Constantinople

Daniel
    $1600 15
The Tempest

Elizabeth
    $3,000 4
(Alex: 'Cause they're places in Oklahoma, the Sooner State.)

Sooners

Daniel
    $2000 25
Sandra Cisneros

Triple Stumper
    $2000 28
[The end-of-round signal sounds.]

the Republican national convention

Emily
    $2000 20
Gallagher

Elizabeth
    $2000 13
Culloden

Triple Stumper
    $2000 16
Siegfried

Triple Stumper
    $2000 5
forsooth

Emily

Scores at the end of the Double Jeopardy! Round:

Emily Elizabeth Daniel
$16,200 $15,200 $12,800

[wagering suggestions for these scores]

Final Jeopardy! Round responses

U.S. GOVERNMENT
(Alex: That's a lovely portrait of Bobby Kennedy.)
...
(Alex: [To Daniel] Robert Kennedy was once our Attorney General.)
DanielWhat is the Dept. of Justice?
$12,800
ElizabethWhat is ?
$10,500
EmilyWhat is the State dept?
$14,201
the Department of Justice

Final scores:

Emily Elizabeth Daniel
$1,999 $4,700 $25,600
3rd place: $1,000 2nd place: $2,000 New champion: $25,600

Game dynamics:

Coryat scores:

Emily Elizabeth Daniel
$16,200 $10,600 $11,200
22 R,
2 W
15 R
(including 1 DD),
1 W
13 R
(including 2 DDs),
2 W

Combined Coryat: $38,000

The J! Archive is created by fans, for fans. The Jeopardy! game show and all elements thereof, including but not limited to copyright and trademark thereto, are the property of Jeopardy Productions, Inc. and are protected under law. This website is not affiliated with, sponsored by, or operated by Jeopardy Productions, Inc. Join the discussion at JBoard.tv.